|
|
|
|
| LEADER |
00879nam a2200205 i 4500 |
| 001 |
misc57623 |
| 005 |
20210511213042.0 |
| 008 |
210511s1875 hu o 0|| hun d |
| 040 |
|
|
|a SZTE Miscellanea Repozitórium
|b hun
|
| 041 |
|
|
|a hun
|
| 100 |
1 |
|
|a Bakay Nándor
|
| 245 |
1 |
0 |
|a Emlékirat az [ezernyolcszázhetvenötödik] 1875-ik évi magyar országos nemzetgazdászati tanácskozmány nagyfontosságú ügyében összegyült hazafiakhoz
|h [elektronikus dokumentum] /
|c Bakay Nándor
|
| 260 |
|
|
|a Burger Zsigmond
|b Szeged, Magyarország
|c 1875
|
| 300 |
|
|
|a 30 p.
|c 23 cm
|
| 650 |
|
4 |
|a Bölcsészettudományok
|
| 650 |
|
4 |
|a Történettudomány és régészet
|
| 650 |
|
4 |
|a Történettudomány
|
| 650 |
|
4 |
|a Újkori és jelenkori történelem
|
| 695 |
|
|
|a Magyarország története 19. sz., Gazdaságpolitika
|
| 856 |
4 |
0 |
|u http://misc.bibl.u-szeged.hu/57623/1/b_89829.pdf
|z Dokumentum-elérés
|